Scottish Towns and Cities in Gaelic - Statistics

General Stats
  • This quiz has been taken 72 times
  • The average score is 17 of 20
Answer Stats
Hint Answer % Correct
Glasgow Glaschu
98%
Inverness Inbhir Nis
98%
Glenrothes Gleann Rathais
97%
Perth Peairt
97%
Hamilton Baile Hamaltan
95%
Paisley Pàislig
95%
Greenock Grianaig
91%
Stirling Sruighlea
91%
Ayr Inbhir Àir
88%
Kirkcaldy Cair Chaladain
86%
Dundee Dùn Dèagh
86%
Airdrie An t-Àrd Ruigh
84%
Kilmarnock Cill Mheàrnaig
84%
Cumbernauld Comar nan Allt
83%
Edinburgh Dùn Èideann
83%
Dunfermline Dùn Phàrlain
81%
East Kilbride Cille Bhrìghde an Ear
79%
Aberdeen Obar Dheathain
71%
Livingston Baile Dhunlèibhe
62%
Falkirk An Eaglais Bhreac
57%
No matching quizzes found
Score Distribution
Percent of People with Each Score
Percentile by Number Answered
Your Score History
You have not taken this quiz